Poplatky podľa platnej právnej úpravy
Vybrané poplatkové povinnosti, s ktorými sa stretávajú fyzické a právnické osoby v podnikateľskom styku so štátnymi orgánmi a inými právnymi subjektami. Platné právne predpisy a právne úpravy poplatkov. Súdne poplatky. Správne poplatky. Miestne poplatky.
Gespeichert in:
| 1. Verfasser: | |
|---|---|
| Format: | Buchkapitel |
| Sprache: | Slowakisch |
| Schlagworte: | |
| Tags: |
Keine Tags, Fügen Sie das erste Tag hinzu!
|
MARC
| LEADER | 00000naa a2200000 4500 | ||
|---|---|---|---|
| 001 | r026363 | ||
| 005 | 20230919070808.6 | ||
| 041 | 0 | |a slo | |
| 044 | |a SK | ||
| 245 | 1 | 0 | |a Poplatky podľa platnej právnej úpravy |c M. Štalmašková |
| 520 | |a Vybrané poplatkové povinnosti, s ktorými sa stretávajú fyzické a právnické osoby v podnikateľskom styku so štátnymi orgánmi a inými právnymi subjektami. Platné právne predpisy a právne úpravy poplatkov. Súdne poplatky. Správne poplatky. Miestne poplatky. | ||
| 610 | 2 | 0 | |a poplatky |
| 610 | 2 | 0 | |a poplatky správne |
| 610 | 2 | 0 | |a poplatky miestne |
| 610 | 2 | 0 | |a poplatky súdne |
| 610 | 2 | 0 | |a úpravy právne |
| 610 | 2 | 0 | |a predpisy právne |
| 610 | 2 | 0 | |a obce |
| 610 | 2 | 0 | |a súdy |
| 610 | 2 | 0 | |a osoby fyzické |
| 610 | 2 | 0 | |a osoby právnické |
| 610 | 2 | 0 | |a zákony |
| 100 | 1 | |a Štalmašková, Mária | |